[Event "Mumbai Wealth op 4th"]
[Site "Mumbai"]
[Date "2019.01.01"]
[Round "3"]
[White "Bhasima, Prashan"]
[Black "Kavinda, Akila"]
[Result "0-1"]
[WhiteElo "1658"]
[BlackElo "2092"]
[PlyCount "100"]
[EventDate "2018.12.30"]
[EventType "swiss"]
[EventRounds "9"]
[EventCountry "IND"]
[SourceTitle "CBM 188 Extra"]
[Source "ChessBase"]
[SourceDate "2019.02.28"]
[SourceVersion "1"]
[SourceVersionDate "2019.02.28"]
[SourceQuality "1"]

1. e4 g6 2. d4 Bg7 3. Nf3 d6 4. Bc4 Nf6 5. Nc3 0-0 6. Be3 Nc6 7. 0-0 Bg4 8. h3 Bxf3 9. Qxf3 e5 10. dxe5 Nxe5 11. Qe2 Nxc4 12. Qxc4 Re8 13. Rfe1 Nxe4 14. Nxe4 d5 15. Qb3 dxe4 16. Qxb7 Qb8 17. Qxb8 Rexb8 18. Rab1 Rxb2 19. Rxb2 Bxb2 20. Rb1 Be5 21. Rb7 a6 22. Kf1 Kf8 23. c4 Ke7 24. f4 exf3 25. gxf3 Kd7 26. Ke2 Kc6 27. Rb1 Re8 28. Kd3 Rd8+ 29. Ke4 Bd6 30. Bd4 f5+ 31. Ke3 Bf4+ 32. Kxf4 Rxd4+ 33. Ke5 Rxc4 34. Rb2 Rc3 35. Rf2 Rc1 36. Rh2 Rc3 37. Kf4 Kd5 38. h4 Ke6 39. h5 Kf6 40. hxg6 hxg6 41. Re2 g5+ 42. Kg3 g4 43. Kh2 Rxf3 44. Rc2 Ra3 45. Rxc7 Rxa2+ 46. Kg3 Ra3+ 47. Kg2 a5 48. Rc5 a4 49. Rc4 Kg5 50. Rc2 Rb3 0-1

[Event "Mumbai Wealth op 4th"]
[Site "Mumbai"]
[Date "2018.12.31"]
[Round "2"]
[White "Sekar, B."]
[Black "Bhasima, Prashan"]
[Result "1-0"]
[WhiteElo "2137"]
[BlackElo "1658"]
[PlyCount "58"]
[EventDate "2018.12.30"]
[EventType "swiss"]
[EventRounds "9"]
[EventCountry "IND"]
[SourceTitle "CBM 188 Extra"]
[Source "ChessBase"]
[SourceDate "2019.02.28"]
[SourceVersion "1"]
[SourceVersionDate "2019.02.28"]
[SourceQuality "1"]

1. e4 e5 2. Nf3 d6 3. d4 exd4 4. Nxd4 Be7 5. Nc3 Nf6 6. Bf4 0-0 7. Qd2 Nc6 8. 0-0-0 Nxd4 9. Qxd4 Be6 10. f3 Nh5 11. Be3 Nf6 12. g4 a6 13. g5 Nh5 14. f4 f5 15. Be2 c5 16. Qd3 g6 17. Bxh5 gxh5 18. Nd5 fxe4 19. Qxe4 Bxd5 20. Qxd5+ Kg7 21. f5 Bxg5 22. Rhg1 h6 23. h4 Qd7 24. hxg5 Rxf5 25. gxh6+ Kf6 26. Qg2 Rf8 27. Qg6+ Ke5 28. Bxc5 R8f6 29. Bd4+ Kd5 1-0